Ανταγωνισμός, αγορά και δημοκρατία : μια κριτική της νεοαυστριακής οικονομικής θεωρίας

Αποθηκεύτηκε σε:
Λεπτομέρειες βιβλιογραφικής εγγραφής
Κύριος συγγραφέας: Ιωαννίδης, Σταύρος
Μορφή: Βιβλίο
Γλώσσα:Greek
Δημοσίευση: Αθήνα : Ιδρυμα Σάκη Καράγιωργα,
Σειρά:Επιστημονική βιβλιοθήκη (Ίδρυμα Σάκη Καράγιωργα)
Θέματα:
Ετικέτες: Προσθήκη ετικέτας
Δεν υπάρχουν, Καταχωρήστε ετικέτα πρώτοι!

MARC

LEADER 00000nam a2200000 i 4500
001 1/99778
008 950404s gre d
020 |a 960-7087-04-6 
035 |l 10011437 
040 |a GR-MY-UA  |b gre  |e aacr 
041 0 |a gre 
082 0 |a 330.157 
100 1 |a Ιωαννίδης, Σταύρος. 
245 1 0 |a Ανταγωνισμός, αγορά και δημοκρατία :  |b μια κριτική της νεοαυστριακής οικονομικής θεωρίας /  |c Σταύρος Ιωαννίδης 
260 |a Αθήνα :   |b Ιδρυμα Σάκη Καράγιωργα,  
300 |a 296 σ. 
490 1 |a Επιστημονική βιβλιοθήκη  |v ; 1 
504 |a Περιέχει βιβλιογραφία 
650 0 0 |a Austrian school of economics. 
650 0 0 |a Neoclassical school of economics. 
830 0 |a Επιστημονική βιβλιοθήκη (Ίδρυμα Σάκη Καράγιωργα) 
852 |a INST  |b CHIOS  |e 19990316  |h 330.157 ΙΩΑ  |p 005200014580  |q 005200014580  |t BK  |y 0 
852 |a INST  |b CHIOS  |e 19980819  |h 330.157 ΙΩΑ  |p 005200015999  |q 005200015999  |t BK  |y 0 
852 |a INST  |b LESVOS  |e 19950404  |h 330.157 ΙΩΑ  |p 005100006530  |q 005100006530  |t BK  |y 0 
901 |a BIBL-1998-2 
909 |a Λ  |b 034450 
909 |a Χ  |b 058115 
909 |a Χ  |b 055603 
922 |a 1ΕΛΗ  |b 199402  |c ΣΚΟΥΡΤΟΣ 
922 |a 2ΕΛΗ  |b 199806  |c ΖΑΧΑΡΑΤΟΣ  |d EMVASIS 
922 |a 2ΔΩΡ  |b 199903  |c ΜΕΤΑΠΤΥΧΙΑΚΟ ΤΟΥΡΙΣΜΟΥ